| 000 | 00905nac a22002291u 4500 | ||
|---|---|---|---|
| 090 | _c2797 | ||
| 008 | 080806t xxu||||| |||| 00| 0 eng d | ||
| 010 | _a 2006044792 | ||
| 020 | _a0132432781 (paper) | ||
| 082 | 0 | 0 |
_a604.2 _bB4649 |
| 100 | _aBesterfield, Dale H. | ||
| 245 | 1 | 0 |
_aTechnical sketching with an introduction to 2D and 3D CAD : _bfor engineers, technologists, and technicians / _cDale H. Besterfield, Robert E. O'Hagan. |
| 250 | _a4th ed. | ||
| 260 |
_aUpper Saddle River, NJ : _bPearson Prentice Hall,2007 _c2007. |
||
| 300 |
_axi, 445 p. : _bill. ; _c28 cm. |
||
| 500 | _aIncludes index. | ||
| 650 | 0 | _aFreehand technical sketching. | |
| 650 | 0 | _aComputer-aided design. | |
| 700 | 1 | _aO'Hagan, Robert E. | |
| 942 |
_cBB _k604.2B4649 _2ddc |
||
| 999 |
_c2797 _d2797 |
||